zpět

Detail výsledku týmu

Na Pražci, Blansko

Datum a čas kvízu

35.5 Celkem bodů Celkový počet nahraných bodů na tomto kvízu bez doplňovacích otázek.
3. Pořadí na kvízu Konečné umístění týmu na tomto kvízu.

Zaznamenané odpovědi

# Otázka Odpověď Body Výsledky
1. Zástupci organizace Liga Libe... v roušce 0
2. V pátek byl v italských Benátk... Mojžíš 1
3. Turecký prezident Recep Erdoğa... chrám Boží Moudrosti (Hagia Sofia) 1
4. Automobilka Tesla nedávno popr... šortky 1
5. Hokejová NHL představila svůj... Toronto, Edmonton 0
6. Různé návykové látky jsou užív... pelyněk (pravý) 1
7. Tabákové listy obsahují návyko... viržinský 1
8. Vhodné kultivary konopí jsou p... pazdeří 0
9. Opium se získává z nezralých m... latex 1
10. Kokain je získáván z listů tro... D 1